| 000 | 01164cam a22002771i 4500 | ||
|---|---|---|---|
| 003 | SA-RiAUC | ||
| 005 | 20241226144034.0 | ||
| 008 | 241225s2003 jo g 00000 ara c | ||
| 040 |
_aSA-RiAUC _bara _cSA-RiAUC _erda |
||
| 082 | 0 | 4 |
_a212.2 _qSA-RiAUC |
| 090 |
_a212.2 _b ا ر د |
||
| 100 | 1 |
_aالأردبيلي، أحمد بن محمد، _dتوفي 933 هجري _eمؤلف. |
|
| 245 | 1 | 2 |
_aالفتوة / _cتأليف أحمد بن محمد الأقشار الأردبيلي ؛ تحقيق إحسان ذنون الثامري. |
| 250 | _aالطبعة الأولى. | ||
| 264 | 1 |
_aعمان، الأردن : _bدار الرازي للطباعة والنشر والتوزيع، _c2003 |
|
| 300 |
_a50 صفحة ؛ _c24 سم |
||
| 336 |
_aنص _btxt _2rdacontent _3كتاب |
||
| 337 |
_aبدون وسيط _bn _2rdamedia |
||
| 338 |
_aمجلد _bnc _2rdacarrier |
||
| 650 | 7 |
_aالأخلاق الإسلامية _2aucsh |
|
| 650 | 7 |
_aالتربية الإسلامية _2aucsh |
|
| 650 | 7 |
_aالتصوف الإسلامي _2aucsh |
|
| 700 | 1 |
_aالثامري، إحسان ذنون _eمحقق. |
|
| 942 |
_2ddc _cBOOK _n0 |
||
| 949 |
_aSA-JeALM _d241225 _umohamedma123 _n1 |
||
| 999 |
_c4008 _d4008 |
||